000 00568cam a22002053a 4500
001 35876
003 PGUSA
005 20140828083754.0
008 110415s2011||||xxu|||||s|||||000 | eng d
040 _aPGUSA
_beng
042 _adc
100 1 _aErckmann-Chatrian
245 1 0 _aL'esquisse mystérieuse
_h[electronic resource] /
_cErckmann-Chatrian
260 _bProject Gutenberg,
_c2011
506 _aPublic domain in the USA.
516 _aElectronic text
830 0 _aProject Gutenberg
_v35876
856 4 0 _uhttp://www.gutenberg.org/ebooks/35876
942 _cEB
999 _c265131
_d265131